| 000 | 005820000a22001810004500 | ||
|---|---|---|---|
| 003 | MACL | ||
| 005 | 20160322171200.0 | ||
| 008 | 160322b xxu||||| |||| 00| 0 eng d | ||
| 040 |
_aMACL _cMACL |
||
| 041 | _aHindi | ||
| 082 | _a100 | ||
| 100 |
_aशर्मा पवित्र कुमार _947914 |
||
| 245 | _aअध्यात्म और विज्ञान | ||
| 260 |
_aनई दिल्ली _bगणपति प्रकाशन _c2011 |
||
| 350 | _a180 | ||
| 650 |
_aदर्शन शास्त्र _936763 |
||
| 942 |
_cHIN _k100 _2ddc |
||
| 999 |
_c46861 _d46861 |
||